| 000 | 01448nam a2200313 a 4500 | ||
|---|---|---|---|
| 001 | 37837 | ||
| 003 | (BD-RjUL) | ||
| 005 | 20211209052649.0 | ||
| 008 | 071203s2007 enka 000 0 eng d | ||
| 020 | _a9780521693073 (Student's book with answers) | ||
| 020 | _a9780521693080 (Selfstudy pack ((Student's book with answers and 2 audio CDs)) | ||
| 020 | _a9780521693097 (Audio cassette set) | ||
| 020 | _a9780521693103 (Audio CD set) | ||
| 035 | _a(BD-RjUL) | ||
| 040 | _c(BD-RjUL) | ||
| 082 |
_220 _a428.24076 _bCAM 2007 |
||
| 245 | 0 | 0 |
_aCambridge IELTS. _n6 : _bexamination papers from University of Cambridge ESOL examinations. |
| 246 | 3 | 0 |
_aIELTS. _bexamination papers from University of Cambridge ESOL examinations |
| 260 |
_aCambridge : _bCambridge University Press, _c2007. |
||
| 300 |
_a2 v. : _bill. ; _c25 cm. + _e2 sound cassettes (analog. stereo., Dolby processed) + 2 sound discs (digital ; 4 3/4 in.). |
||
| 490 | 1 | _aCambridge books for Cambridge exams | |
| 505 | 0 | _aStudent's book with answers -- Self-study pack (Student's book with answers and 2 audio CDs) | |
| 650 | 0 |
_aInternational English Language Testing System _vStudy guides. _9117216 |
|
| 650 | 0 |
_aEnglish language _vExaminations, questions, etc. _9117046 |
|
| 650 | 0 |
_aEnglish language _vTextbooks for foreign speakers. _9117011 |
|
| 650 | 2 |
_aLanguage _vExamination Questions. _9117220 |
|
| 830 | 0 |
_aCambridge books for Cambridge exams. _9117223 |
|
| 942 |
_2ddc _cAVM |
||
| 999 |
_c37837 _d37837 |
||